00578 2200193 4500001002100000005001500021035002000036007000300056008004100059020001800100082001200118084001800130100004600148245007200194250001100266260004900277300002500326650003300351INLIS00000000000042520170930103621 a0010-0917000411ta170930 f 0 ind  a978-602-73059 a297.092 a297.092 AZI b0 aAziz. Syaikh Abdul Bin Muhammad As Sadhan1 aBiografi Syaikh Bin Baz /cSyaikh Abdul Aziz Bin Muhammad As Sadhan aCet. 2 aDepok-0-8 :bPustaka Khazanah Fawa'id,c2016 a158hlm ;c14 x 21 cm aBiografi Tokoh Muslim, Ulama